Pittsburgh series in bibliography
Gorde:
| Egile nagusia: | |
|---|---|
| Formatua: | Liburua |
| Hizkuntza: | Undetermined |
| Argitaratua: |
Pittsburgh, Estados Unidos
University of Pittsburgh Press
1972
|
| Gaiak: | |
| Etiketak: |
Etiketa erantsi
Etiketarik gabe, Izan zaitez lehena erregistro honi etiketa jartzen!
|
MARC
| LEADER | 00000nam a2200000Ia 4500 | ||
|---|---|---|---|
| 008 | 170316s9999 xx 000 0 und d | ||
| 040 | |a cru BVZT | ||
| 090 | |a 810 F-11p | ||
| 100 | |a Fitzgerald, F. Scott | ||
| 245 | |a Pittsburgh series in bibliography | ||
| 260 | |a Pittsburgh, Estados Unidos | ||
| 260 | |b University of Pittsburgh Press | ||
| 260 | |c 1972 | ||
| 300 | |a 369 páginas | ||
| 650 | |a LITERATURA ESTADOUNIDENSE | ||
| 999 | |c 5599 |d 5599 | ||
| 942 | |c 15 D |h 810 F-11p |2 z | ||
